|
|
|
|
| LEADER |
00000naa a2200000 ar4500 |
| 001 |
vtls009963581 |
| 003 |
SK-MaSNL |
| 005 |
20260309150347.0 |
| 008 |
091026c2003 xo mr|p|||||||000 b|slo |
| 015 |
|
|
|a SNBRA2009/10
|2 snkbucl
|
| 038 |
|
|
|a SNKBUCL
|
| 040 |
|
|
|a SNKBUCL
|b slo
|c SNKBUCL
|e AACR2
|
| 041 |
0 |
|
|a slo
|b eng
|
| 044 |
|
|
|a xo
|c SK
|
| 080 |
|
|
|a 657:174
|2 2001
|
| 080 |
|
|
|a 657.63:174
|2 2001
|
| 080 |
|
|
|a 174
|2 2001
|
| 100 |
1 |
|
|a Kaľavská, Anna
|4 aut
|9 812883
|
| 245 |
1 |
0 |
|a Etika v správaní účtovníka a audítora
|c Anna Kaľavská
|
| 504 |
|
|
|a Bibliogr. odkazy
|
| 546 |
|
|
|a Res. angl.
|
| 650 |
0 |
7 |
|a účtovníci
|2 snkbucl
|9 28638
|
| 650 |
0 |
7 |
|a audítori
|2 snkbucl
|9 3648
|
| 650 |
0 |
7 |
|a etika
|2 snkbucl
|9 792
|
| 773 |
0 |
|
|t Acta oeconomica N° 15
|d Banská Bystrica : Univerzita Mateja Bela, Ekonomická fakulta, 2003
|g S. 95-99
|z 8080557985
|
| 852 |
|
|
|a SNK
|b KIS3GCP
|
| 958 |
|
|
|a NB
|
| 999 |
|
|
|c 3367361
|d 3369291
|